00321nam a2200109Ia 4500008004100000020001500041082001700056100002500073245005900098260004100157300001300198161229s9999 xx 000 0 und d a0195625692 a330.9 SAN/ME aSanjay, Subrahmanyam aMerchants,markets and the state in early modern India  bOxford University PressaDelhic1990 aviii,276